|
|
|
|
| LEADER |
00000cam a2200000 a 4500 |
| 001 |
vtls010860251 |
| 003 |
SK-MaSNL |
| 005 |
20260301040059.0 |
| 008 |
240318s2013 xn ab f c 000 0 mac |
| 020 |
|
|
|a 9786082190563
|q (viazané)
|
| 040 |
|
|
|a SNK
|b slo
|c SNK
|e AACR2
|
| 041 |
0 |
|
|a mac
|a eng
|
| 043 |
|
|
|a e-xn---
|
| 044 |
|
|
|a xn
|c MK
|
| 072 |
|
7 |
|a 930.85
|x Dejiny civilizácie. Kultúrne dejiny
|2 konspekt
|
| 080 |
|
|
|a 737.1
|2 2011
|
| 080 |
|
|
|a 930.85(37/38)
|2 2011
|
| 080 |
|
|
|a (497.7)
|2 2011
|
| 080 |
|
|
|a (083.82)
|2 2011
|
| 100 |
1 |
|
|a Šeldarov, Nikola
|4 aut
|9 339645
|
| 245 |
1 |
0 |
|a Bronzenite moneti na makedonskiot kral Persej
|c Nikola Šeldarov ; [prevod na angliski Milica Šeldarova ; fotografii Vlado Kiprijanovski ; likoven urednik Kočo Fidanoski]
|
| 246 |
1 |
1 |
|a Bronze coins of the macedonian king Perseus
|
| 260 |
|
|
|a Skopje
|b Silsons
|c 2013
|
| 300 |
|
|
|a 129 s.
|b fotogr., ilustr., mp.
|c 30 cm
|
| 504 |
|
|
|a Bibliografia: s. 127-129
|
| 546 |
|
|
|a Text v macedónčine a angličtine
|
| 650 |
0 |
7 |
|a antické mince
|2 SNKPH
|9 79746
|
| 650 |
0 |
7 |
|a Coins
|2 SNKPHeng
|9 268735
|
| 651 |
|
7 |
|a Severné Macedónsko
|2 SNKPH
|9 18980
|
| 651 |
|
7 |
|a Severné Macedónsko
|2 SNKPHeng
|9 18980
|
| 655 |
|
7 |
|a katalógy
|2 SNKPH
|9 60821
|
| 655 |
|
7 |
|a Catalogs
|2 SNKPHeng
|9 266059
|
| 700 |
1 |
|
|a Šeldarova, Milica
|4 trl
|9 339646
|
| 700 |
1 |
|
|a Kiprijanovski, Vlado
|4 pht
|9 339647
|
| 700 |
1 |
|
|a Fidanoski, Košo
|4 edt
|9 339648
|
| 919 |
|
|
|a 978-608-219-056-3
|
| 958 |
|
|
|a NB
|
| 958 |
|
|
|a MK
|
| 999 |
|
|
|c 585421
|d 587351
|
| 952 |
|
|
|a SNK
|b SNK
|y VYP
|7 0
|p 17A1169896
|o snkIB 73037
|i snk2015/26076
|8 2
|g 18.00
|0 0
|1 0
|4 0
|d 2015-08-12
|l 0
|r 2026-02-23 15:06:29
|w 2026-02-23
|